Bharatiya Rajnaitik Chintadhara II (Record no. 11281)
[ view plain ]
| 000 -LEADER | |
|---|---|
| fixed length control field | 00655nam a22002297a 4500 |
| 005 - DATE AND TIME OF LATEST TRANSACTION | |
| control field | 20220517124915.0 |
| 008 - FIXED-LENGTH DATA ELEMENTS--GENERAL INFORMATION | |
| fixed length control field | 220517b ||||| |||| 00| 0 eng d |
| 020 ## - INTERNATIONAL STANDARD BOOK NUMBER | |
| International Standard Book Number | 9789381667835 |
| 040 ## - CATALOGING SOURCE | |
| Original cataloging agency | IN-DiNC |
| Transcribing agency | IN-DiNC |
| 041 ## - LANGUAGE CODE | |
| Language code of sung or spoken text | Assamese |
| 082 ## - DEWEY DECIMAL CLASSIFICATION NUMBER | |
| Classification number | 320.01154 |
| 100 ## - MAIN ENTRY--PERSONAL NAME | |
| Personal name | Pal Kripesh Chandra |
| Relator term | Author |
| 245 ## - TITLE STATEMENT | |
| Title | Bharatiya Rajnaitik Chintadhara II |
| Statement of responsibility, etc. | by Kripesh Chandra Pal |
| 250 ## - EDITION STATEMENT | |
| Edition statement | 1st ed. |
| 260 ## - PUBLICATION, DISTRIBUTION, ETC. | |
| Place of publication, distribution, etc. | Guwahati |
| Name of publisher, distributor, etc. | Arun Prakashan |
| Date of publication, distribution, etc. | 2022 |
| 300 ## - PHYSICAL DESCRIPTION | |
| Extent | 239p. |
| 650 ## - SUBJECT ADDED ENTRY--TOPICAL TERM | |
| Topical term or geographic name entry element | Indian political thought II |
| 700 ## - ADDED ENTRY--PERSONAL NAME | |
| Personal name | Pratul Chandra Pal |
| Relator term | Author |
| 700 ## - ADDED ENTRY--PERSONAL NAME | |
| Personal name | Jayanta Krishna Sharma |
| Relator term | Author |
| 700 ## - ADDED ENTRY--PERSONAL NAME | |
| Personal name | Diganta Kalita |
| Relator term | Author |
| 942 ## - ADDED ENTRY ELEMENTS (KOHA) | |
| Source of classification or shelving scheme | Dewey Decimal Classification |
| Koha item type | Books |
| Withdrawn status | Lost status | Source of classification or shelving scheme | Damaged status | Not for loan | Collection code | Home library | Current library | Shelving location | Date acquired | Cost, normal purchase price | Total Checkouts | Full call number | Barcode | Date last seen | Date last checked out | Copy number | Price effective from | Koha item type |
|---|---|---|---|---|---|---|---|---|---|---|---|---|---|---|---|---|---|---|
| Dewey Decimal Classification | Political Science | Central Library, Naharkatiya College | Central Library, Naharkatiya College | General Stacks | 17/05/2022 | 350.00 | 22 | 320.01154 | 28924 | 19/05/2025 | 11/04/2025 | 1 | 17/05/2022 | Books | ||||
| Dewey Decimal Classification | Political Science | Central Library, Naharkatiya College | Central Library, Naharkatiya College | General Stacks | 17/05/2022 | 350.00 | 12 | 320.01154 | 28925 | 17/03/2025 | 25/02/2025 | 2 | 17/05/2022 | Books | ||||
| Dewey Decimal Classification | Political Science | Central Library, Naharkatiya College | Central Library, Naharkatiya College | General Stacks | 17/05/2022 | 350.00 | 18 | 320.01154 | 28926 | 19/05/2025 | 03/04/2025 | 3 | 17/05/2022 | Books |
